| Tag |
First Indicator |
Second Indicator |
Subfields |
| LEADER |
00000cam a2200000 i 4500 |
| 001 |
in00003595821 |
| 005 |
20170928135629.0 |
| 008 |
150612s2015 enk b 001 0 eng d |
| 020 |
|
|
|a 9780198722236 (hbk.)
|
| 020 |
|
|
|a 0198722230 (hbk.)
|
| 035 |
|
|
|a (OCoLC)ocn916313520
|
| 040 |
|
|
|a NLE
|e rda
|c NLE
|d COO
|d BWK
|d BDX
|d CDX
|d YDX
|d IDU
|d JHE
|d UtOrBLW
|
| 049 |
|
|
|a TXAM
|
| 050 |
|
4 |
|a B3318.N3
|b N44 2015
|
| 082 |
0 |
|
|a 193
|2 23
|
| 245 |
0 |
0 |
|a Nietzsche on mind and nature /
|c edited by Manuel Dries and P.J.E. Kail.
|
| 246 |
1 |
8 |
|a Nietzsche on mind & nature
|
| 250 |
|
|
|a First edition.
|
| 264 |
|
1 |
|a Oxford ;
|a New York :
|b Oxford University Press,
|c 2015.
|
| 300 |
|
|
|a viii, 234 pages ;
|c 24 cm.
|
| 336 |
|
|
|a text
|b txt
|2 rdacontent
|
| 337 |
|
|
|a unmediated
|b n
|2 rdamedia
|
| 338 |
|
|
|a volume
|b nc
|2 rdacarrier
|
| 504 |
|
|
|a Includes bibliographical references and indexes.
|
| 600 |
1 |
0 |
|a Nietzsche, Friedrich Wilhelm,
|d 1844-1900.
|0 http://id.loc.gov/authorities/names/n79021132
|
| 650 |
|
0 |
|a Philosophy of mind.
|0 http://id.loc.gov/authorities/subjects/sh89004340
|
| 650 |
|
0 |
|a Philosophy of nature.
|0 http://id.loc.gov/authorities/subjects/sh85101004
|
| 700 |
1 |
|
|a Dries, Manuel,
|e editor.
|0 http://id.loc.gov/authorities/names/no2009001423
|
| 700 |
1 |
|
|a Kail, P. J. E.
|q (Peter J. E.),
|e editor.
|0 http://id.loc.gov/authorities/names/n2005002995
|
| 945 |
|
|
|a PromptCat
|b 368513
|
| 946 |
|
|
|a stk
|
| 947 |
|
|
|a A14842930340
|
| 948 |
|
|
|a cataloged
|b h
|c 2015/11/5
|d c
|e dmitchel
|f 10:30:20 pm
|
| 994 |
|
|
|a C0
|b TXA
|
| 999 |
f |
f |
|s ec8fb289-dd19-3bb0-989c-e4f666ce3c7c
|i c9746bd9-9d6b-30c2-b1d0-5e4108a50b7c
|t 0
|
| 952 |
f |
f |
|p normal
|a Texas A&M University
|b College Station
|c Sterling C. Evans Library
|d Evans: Library Stacks
|t 0
|e B3318.N3 N44 2015
|h Library of Congress classification
|i unmediated -- volume
|m A14842930340
|
| 998 |
f |
f |
|a B3318.N3 N44 2015
|t 0
|l Evans: Library Stacks
|